000 00453nam a2200145Ia 4500
008 170224s9999 xx 000 0 und d
100 _aDavid Collins
245 _aBetween Maxwell and Micawber: plotting the failure of the Equitable Life
245 _cDavid Collins, Ian Dewing & Peter Russell
260 _bAccounting and Business Research
260 _c2015
300 _a45:6-7, Pages: 715-737
650 _xAccountancy
650 _xAccounting
999 _c316119
_d316119